| 000 | 00471nam a2200181Ia 4500 | ||
|---|---|---|---|
| 003 | OSt | ||
| 005 | 20250127143730.0 | ||
| 008 | 231217s9999 xx 000 0 und d | ||
| 020 | _a9798179925910 | ||
| 040 | _c0 | ||
| 041 | _aEnglish | ||
| 082 | _a523.1 HAW;1 R | ||
| 100 | _aHawking, Stephen W. | ||
| 245 | 4 | _aThe theory of everything : the origin and fate of the universe | |
| 260 |
_c2007 _bJaico Publishing _aMumbai |
||
| 300 | _aviii, 132 | ||
| 942 |
_cAA _2ddc |
||
| 999 |
_c197182 _d197182 |
||